000 01283cas a22003737ar4500
005 20220329142052.0
008 990521d1946 cl qr pernn 0 uub0spa d
010 _a77926
011 _a78898
022 0 _a0006-6176
035 _a89000
245 0 0 _aBoletín Chileno de Parasitología
_c/por Universidad de Chile. Departamento de Parasitología
260 0 _aSantiago, Chile :
_bUniversidad de Chile. Departamento de Parasitología,
_c1946
300 _av.
310 _aTrimestral
362 1 _av.18 n.3, 1963.
500 _aContiene resúmenes en inglés
500 _aSe dejó de recibir a partir del v.18 n.4, 1963.
590 _aBATCH-UPD
_b10
_c20130110
_lUCH01
_h0717
590 _aBATCH-UPD
_b10
_c20130410
_lUCH01
_h0402
590 _aBATCH-UPD
_b10
_c20130914
_lUCH01
_h1900
590 _aCONVERSION
_b10
_c20130109
_lUCH01
_h1343
650 1 4 _aParasitología
_xPublicaciones periódicas.
_985473
780 0 0 _tBoletín de Información Técnica
866 _av.1 (1946)
866 _av.10 n.1-2,4 (1955)
866 _av.11 n.1,4 (1956)
866 _av.13 n.3 (1958)
866 _av.14 n.4 (1959)
866 _av.17 n.2 (1962)
866 _av.18 n.2-4 (1963)
901 _aSE
905 _aMa. del Socorro Iturbe C.
999 _c77926
_d77926